| 000 | 00445nam a2200157Ia 4500 | ||
|---|---|---|---|
| 008 | 140609s9999 xx 000 0 und d | ||
| 020 | _a9789710091218 | ||
| 050 |
_aBV 4579.5 _b.R54 2001 |
||
| 100 | _aRinehart, Paula. | ||
| 245 |
_aStrong women, soft hearts / _cPaula Rinehart |
||
| 260 |
_aManila, Philippines : _bOMF Literature Inc., _cc2001. |
||
| 300 |
_a243 p. : _bill. ; _c22 cm. |
||
| 521 | _aGE | ||
| 942 |
_kFOR _cBK |
||
| 999 |
_c118207 _d118207 |
||